000
00295nam a2200121Ia 4500
008
190216s9999||||xx |||||||||||||| ||und||
100
_a
Jain G C
245
0
_a
Popular Radio Circuits Vol 10
260
_b
Business Promotion Bureau
_c
1975
300
_a
75p
650
_a
References
942
_c
REF
999
_c
35539
_d
35539